Sports Quiz

Random Sports Quiz
Score 0/28 Timer 06:00
0 Plays Today
team player % Correct
PhilliesJimmy Rollins
100%
BrewersRyan Braun
93.3%
TwinsJoe Mauer
93.3%
MetsDavid Wright
93.3%
OriolesAdam Jones
93.3%
RedsBrandon Phillips
91.1%
MarlinsGiancarlo Stanton
91.1%
RoyalsEric Hosmer
88.9%
BravesCraig Kimbrel
75.6%
Blue JaysR.A. Dickey
73.3%
NationalsGio Gonzalez
68.9%
BrewersJonathan Lucroy
57.8%
RaysBen Zobrist
55.6%
RangersDerek Holland
51.1%
team player % Correct
MarlinsSteve Cishek
46.7%
Blue JaysJ.P. Arencibia
46.7%
GiantsRyan Vogelsong
44.4%
Red SoxShane Victorino
44.4%
GiantsJeremy Affeldt
35.6%
TwinsGlen Perkins
35.6%
DiamondbacksWillie Bloomquist
31.1%
DiamondbacksHeath Bell
24.4%
IndiansVinnie Pestano
24.4%
DiamondbacksDavid Hernandez
24.4%
RoyalsTim Collins
20%
NationalsRoss Detwiler
17.8%
PadresLuke Gregerson
17.8%
RockiesMitchell Boggs
11.1%
Remove Ads.
Support Sporcle.
Get the best of Sporcle when you Go Orange. This ad-free experience offers more features, more stats, and more fun while also helping to support Sporcle. Thank you for becoming a member.

You're not logged in!

Compare scores with friends on all Sporcle quizzes.
OR
Log In

Show Comments

Extras

Created Sep 23, 2013ReportNominate
Tags:2013, Player, Starting, team, WBC

Top Quizzes Today


Score Distribution

Your Account Isn't Verified!

In order to create a playlist on Sporcle, you need to verify the email address you used during registration. Go to your Sporcle Settings to finish the process.

Report this User

Report this user for behavior that violates our Community Guidelines.

Details: